000 00581 a2200181 4500
999 _c96
_d96
020 _a9781259010835
050 _aHM585 RIT 2014
100 _aRitzer, George
_eauthor
245 _aSociological theory /
_cGeorge Ritzer, Jeffrey Stepnisky
250 _a9th ed
264 _aNew York :
_bMcGraw Hill Education,
_c2014
300 _a1v (various pagings) :
_bill.
500 _aIncludes bibliographical references (pages R1-R99) and indexes
650 _aSociology
650 _aSociologists
_xBiography
700 _aStepnisky, Jeffrey
_eauthor
942 _2lcc
_cBK
_e9th ed.
_h585
_iRIT
_kHM